[Event "Paranaense-ch U20"]
[Site "Pirai do Sul"]
[Date "2019.07.14"]
[Round "6.3"]
[White "Alves, Matheus Oliveira"]
[Black "Silva, Richard Santana"]
[Result "0-1"]
[WhiteElo "1555"]
[BlackElo "1479"]
[PlyCount "138"]
[EventDate "2019.07.12"]
[EventType "swiss"]
[EventRounds "6"]
[EventCountry "BRA"]
[SourceTitle "EXT 2022"]
[Source "ChessBase"]
[SourceDate "2021.10.06"]
[SourceVersion "1"]
[SourceVersionDate "2021.10.06"]
[SourceQuality "1"]

1. Nf3 d5 2. c4 c6 3. e3 Nf6 4. b3 Bf5 5. Bb2 Nbd7 6. d4 e6 7. Nbd2 Ne4 8. Be2 Ndf6 9. h3 Bb4 10. 0-0 Nxd2 11. Nxd2 Ne4 12. Nxe4 Bxe4 13. c5 Qg5 14. Bf3 Bf5 15. Bg4 Ba5 16. Bc1 Qf6 17. a3 Bc7 18. b4 Bxg4 19. Qxg4 h5 20. Qe2 g5 21. f3 Kd7 22. a4 Rag8 23. a5 a6 24. Ra2 Qg6 25. Qf2 f5 26. g4 Rf8 27. gxf5 Qxf5 28. Qg2 Rhg8 29. e4 dxe4 30. fxe4 Qxf1+ 31. Qxf1 Rxf1+ 32. Kxf1 Rf8+ 33. Kg2 Bd8 34. Be3 Rg8 35. Rf2 Ke8 36. d5 Ke7 37. d6+ Ke8 38. Kg3 Rf8 39. Rd2 Kd7 40. e5 Rf7 41. Rg2 Rf5 42. Bd4 Rf4 43. Bc3 Rf7 44. Kh2 Rf5 45. Bd4 Ke8 46. Be3 Kd7 47. Kg3 Ke8 48. Rf2 Rxf2 49. Kxf2 Kf7 50. Kf3 Kg6 51. Bf2 Kf5 52. Kg3 g4 53. hxg4+ hxg4 54. Kg2 Kg5 55. Kg3 Kh5 56. Bd4 Kg6 57. Kf2 Bh4+ 58. Kg2 Bg5 59. Kf2 Kf7 60. Ke2 Ke8 61. Kd3 Bd2 62. Be3 Bxb4 63. Bf2 Bxa5 64. Kd4 Bb4 65. Kd3 g3 66. Bd4 Be1 67. Kc2 Bf2 68. Bxf2 gxf2 69. Kd2 Kd7 0-1

[Event "Paranaense-ch U20"]
[Site "Pirai do Sul"]
[Date "2019.07.13"]
[Round "4.5"]
[White "Dos Santos, Gabriel Martins"]
[Black "Alves, Matheus Oliveira"]
[Result "0-1"]
[WhiteElo "1300"]
[BlackElo "1555"]
[PlyCount "76"]
[EventDate "2019.07.12"]
[EventType "swiss"]
[EventRounds "6"]
[EventCountry "BRA"]
[SourceTitle "EXT 2022"]
[Source "ChessBase"]
[SourceDate "2021.10.06"]
[SourceVersion "1"]
[SourceVersionDate "2021.10.06"]
[SourceQuality "1"]

1. d4 f5 2. c4 Nf6 3. Nc3 e6 4. Nf3 c6 5. e3 d5 6. Ne5 Nbd7 7. f4 Ne4 8. Qh5+ Ke7 9. Ng6+ hxg6 10. Qxh8 Ndf6 11. Qh4 Kd7 12. Nxe4 dxe4 13. Qf2 Ng4 14. Qe2 b6 15. g3 Ba6 16. Bh3 Nf6 17. b3 Nd5 18. a3 g5 19. Qd1 Nc7 20. 0-0 gxf4 21. exf4 Kc8 22. Re1 c5 23. d5 exd5 24. Bxf5+ Kb7 25. cxd5 Qf6 26. Bxe4 Rd8 27. d6+ Kc8 28. Qg4+ Ne6 29. Qxe6+ Qxe6 30. Bb7+ Bxb7 31. Rxe6 Bxd6 32. Rg6 Bf8 33. Bb2 c4 34. Rc1 Bc5+ 35. Kf1 Rd2 36. Rxc4 Rxb2 37. b4 Ba6 38. Rc6+ Kd7 0-1

[Event "Caioba Telecom op"]
[Site "Caioba"]
[Date "2016.08.26"]
[Round "1"]
[White "Broday, Gabriel Renan"]
[Black "Alves, Matheus Oliveira"]
[Result "1-0"]
[WhiteElo "2088"]
[BlackElo "1569"]
[PlyCount "67"]
[EventDate "2016.08.26"]
[EventType "swiss"]
[EventRounds "6"]
[EventCountry "BRA"]
[SourceTitle "CBM 174 Extra"]
[Source "ChessBase"]
[SourceDate "2016.10.10"]
[SourceVersion "1"]
[SourceVersionDate "2016.10.10"]
[SourceQuality "1"]

1. e4 c5 2. Nf3 Nc6 3. Bc4 e6 4. Qe2 g6 5. c3 Bg7 6. Bb3 Nf6 7. 0-0 0-0 8. d4 b6 9. Bg5 Qc7 10. Re1 a5 11. e5 Nd5 12. c4 Ba6 13. Qd1 Nde7 14. d5 Nxe5 15. Bxe7 Nxf3+ 16. Qxf3 Bxb2 17. Bxf8 Rxf8 18. Nc3 Bxa1 19. Rxa1 Re8 20. Rd1 exd5 21. Nxd5 Bb7 22. Nxc7 Bxf3 23. Nxe8 Bxd1 24. Bxd1 Kf8 25. Nc7 Ke7 26. Nd5+ Ke6 27. Nxb6 d6 28. Bf3 Ke5 29. a4 f5 30. Bd5 g5 31. f3 h5 32. Nc8 g4 33. fxg4 hxg4 34. g3 1-0